000 00252nam a2200097Ia 4500
001 704280
005 20250826162407.0
008 250824s9999 xx 000 0 und d
245 0 _aNOTRE DAMEİN KAMBURU
_cVICTOR HUGO
260 _bANTİK DÜNYA KLASİKLERİ
999 _c704280
_d704280